000 00279 a2200121 4500
001 146603
040 _cEscola São Tomás de Aquino
100 _aDUARTE, Marcelo
240 1 0 _aMeu outro eu
_lpor
245 1 0 _aMeu outro eu
697 _a*LITERATURA INFANTO JUVENIL
942 _cBK
999 _c146603
_d146603